Muy ilustre canonigo Rosendo de J. Valenciano : resumen de su vida activa privada y sacerdotal /
Guardado en:
| Hovedforfatter: | |
|---|---|
| Format: | Ukendt |
| Sprog: | Spanish |
| Udgivet: |
San José, Costa Rica :
Imprenta Antonio Lehmann,
1963.
|
| Fag: | |
| Tags: |
Tilføj Tag
Ingen Tags, Vær først til at tagge denne postø!
|
MARC
| LEADER | 000000000a22000000004500 | ||
|---|---|---|---|
| 001 | 002028 | ||
| 041 | 0 | |a spa | |
| 082 | 0 | 4 | |a 92 |b V152B |
| 100 | 1 | |a Bolaños Quesada, Enrique |q (Obispo Auxiliar de Alajuela) | |
| 245 | 1 | 0 | |a Muy ilustre canonigo Rosendo de J. Valenciano : |b resumen de su vida activa privada y sacerdotal / |c Enrique Bolaños Quesada (Obispo Auxiliar de Alajuela). |
| 260 | 1 | |a San José, Costa Rica : |b Imprenta Antonio Lehmann, |c 1963. | |
| 300 | |a 220 páginas ; |c 14x20 cm. | ||
| 650 | 4 | |a BIOGRAFIAS | |
| 650 | 4 | |a VALENCIANO RIVERA, ROSENDO DE JESUS, PRESBO., (1871-1962) | |
| 999 | |c 8633 |d 8633 | ||
| 942 | |c BK |h 92 V152B |2 z | ||
